LEADER 03039nam 22006254a 450 001 9910453887003321 005 20200520144314.0 010 $a1-281-80693-5 010 $a9786611806934 010 $a0-8261-1926-3 035 $a(CKB)1000000000705014 035 $a(EBL)423282 035 $a(OCoLC)476261909 035 $a(SSID)ssj0000177420 035 $a(PQKBManifestationID)11922934 035 $a(PQKBTitleCode)TC0000177420 035 $a(PQKBWorkID)10216534 035 $a(PQKB)10540234 035 $a(MiAaPQ)EBC423282 035 $a(Au-PeEL)EBL423282 035 $a(CaPaEBR)ebr10265626 035 $a(EXLCZ)991000000000705014 100 $a20021011d2003 uy 0 101 0 $aeng 135 $aur|n|---||||| 181 $ctxt 182 $cc 183 $acr 200 10$aImproving nursing home care of the dying$b[electronic resource] $ea training manual for nursing home staff /$fMartha L. Henderson, Laura C. Hanson, Kimberly S. Reynolds 210 $aNew York $cSpringer Pub. Co.$dc2003 215 $a1 online resource (209 p.) 300 $aDescription based upon print version of record. 311 $a0-8261-1925-5 320 $aIncludes bibliographical references and index. 327 $aContents; Foreword; Preface; Acknowledgments; Notes for the Facilitator; 1 Envisioning a Good Death; 2 Recognizing the Final Phase of Life; 3 Grief and Loss: Understanding and Supporting Families; 4 Advance Care Planning; 5 Choices About Eating and Drinking; 6 Pain Management; 7 Emotional and Spiritual Care; 8 Caring for the Caregiver: Taking Care of Yourself Emotionally; References; Appendix A: Prognostic Guidelines; Appendix B: Approaches to Pain Assessment and Treatment; Appendix C: Advance Care Planning Booklet for Nursing Home Residents 327 $aAppendix D: Advance Care Planning Booklet for Families of Nursing Home ResidentsAppendix E: Participant Handouts 330 $aIn eight innovative sessions, Henderson, Hanson, and Reynolds provide sage advice, numerous case studies, a wide variety of assessment tools, intructional guidelines, and practical exercises to educate nursing home staff about care of the dying. A Multidisciplinary focus outlines important roles for all staff members in providing competent and compassionate end-of-life care. ;chapter 606 $aNursing home patients$xCare$vHandbooks, manuals, etc 606 $aTerminal care$vHandbooks, manuals, etc 606 $aOlder people$xNursing home care$vHandbooks, manuals, etc 608 $aElectronic books. 615 0$aNursing home patients$xCare 615 0$aTerminal care 615 0$aOlder people$xNursing home care 676 $a362.1/75 700 $aHenderson$b Martha L.$cMSN.$01054008 701 $aHanson$b Laura C$01054009 701 $aReynolds$b Kimberly S$01054010 801 0$bMiAaPQ 801 1$bMiAaPQ 801 2$bMiAaPQ 906 $aBOOK 912 $a9910453887003321 996 $aImproving nursing home care of the dying$92486311 997 $aUNINA LEADER 01948oam 2200469 450 001 9910158633803321 005 20190911103515.0 010 $a1-5026-2306-4 035 $a(OCoLC)961035417 035 $a(MiFhGG)GVRL05AP 035 $a(EXLCZ)993710000001010147 100 $a20160721h20172017 uy 0 101 0 $aeng 135 $aurun|---uuuua 181 $ctxt$2rdacontent 182 $cc$2rdamedia 183 $acr$2rdacarrier 200 10$aInventions in fashion $efrom rawhide to rayon /$fLisa Hiton 205 $aFirst edition. 210 1$aNew York :$cCavendish Square,$d2017. 210 4$d?2017 215 $a1 online resource (112 pages) $cillustrations (some color), portraits 225 1 $aArt and Invention 311 $a1-5026-2305-6 320 $aIncludes bibliographical references and index. 327 $aThe roots of modern fashion design -- Rawhide -- Blue jeans -- The sewing machine -- Rayon -- The future of fashion. 330 $aThis book explores the trajectory of fashion from the first clothing worn by primitive humans to scientifically engineered fabrics. It examines the development of rawhide, blue jeans, sewing machines, and rayon in chronological order. These inventions have applications well beyond the runway, and the book explains these effects, the stories of their inventors, and the ways earlier inventions influenced those that came after. 410 0$aArt and invention. 606 $aFashion$xHistory 606 $aTextile fabrics$xTechnological innovations$xHistory 606 $aTextile industry$xHistory 615 0$aFashion$xHistory. 615 0$aTextile fabrics$xTechnological innovations$xHistory. 615 0$aTextile industry$xHistory. 676 $a677/.028 700 $aHiton$b Lisa$01244409 801 0$bMiFhGG 801 1$bMiFhGG 906 $aBOOK 912 $a9910158633803321 996 $aInventions in fashion$92892016 997 $aUNINA